书目信息 |
| 题名: |
绿色建筑评价标准
|
|
| 作者: | 杨建荣 起草 ;上海市建筑科学研究院公司 , 上海市建筑建材业市场管理总站 主编 | |
| 分册: | ||
| 出版信息: | 上海 同济大学出版社 2025.04 |
|
| 页数: | 189页 | |
| 开本: | 21cm | |
| 丛书名: | 上海市工程建设规范 | |
| 单 册: | ||
| 中图分类: | TU201.5-34 | |
| 科图分类: | ||
| 主题词: | 生态建筑--sheng tai jian zhu--建筑设计--评价标准--上海市 | |
| 电子资源: | ||
| ISBN: | 978-7-5765-1567-1 | |
| 000 | 01363nam 2200313 450 | |
| 001 | 94031 | |
| 005 | 20250819195727.26 | |
| 010 | @a978-7-5765-1567-1@dCNY60.00 | |
| 094 | @aCN@bDG/TJ 08-2090-2024 J 17896-2024 | |
| 100 | @a20250515d2025 em y0chiy50 ea | |
| 101 | 0 | @achi@eeng |
| 102 | @aCN@b310000 | |
| 105 | @ak l 000yy | |
| 106 | @ar | |
| 200 | 1 | @a绿色建筑评价标准@Alv se jian zhu ping jia biao zhun@f主编单位上海市建筑科学研究院有限公司, 上海市建筑建材业市场管理总站 |
| 210 | @a上海@c同济大学出版社@d2025.04 | |
| 215 | @a189页@d21cm | |
| 225 | 2 | @a上海市工程建设规范@Ashang hai shi gong cheng jian she gui fan |
| 300 | @a上海市住房和城乡建设管理委员会发布 2024-11-19发布 2025-06-01实施 | |
| 314 | @a起草人: 杨建荣 ... [等] | |
| 330 | @a为贯彻落实绿色发展理念, 推进本市绿色建筑高质量发展, 节约资源, 保护环境, 满足人民日益增长的美好生活需要, 制定本标准。 | |
| 410 | 0 | @12001 @a上海市工程建设规范 |
| 606 | 0 | @a生态建筑@Asheng tai jian zhu@x建筑设计@x评价标准@y上海市 |
| 690 | @aTU201.5-34@v5 | |
| 701 | 0 | @a杨建荣@Ayang jian rong@4起草 |
| 712 | 02 | @a上海市建筑科学研究院公司@Ashang hai shi jian zhu ke xue yan jiu yuan you xian gong si@4主编 |
| 712 | 02 | @a上海市建筑建材业市场管理总站@Ashang hai shi jian zhu jian cai ye shi chang guan li zong zhan@4主编 |
| 801 | 0 | @aCN@c20250909 |
| 905 | @a河南城建学院图书馆@dTU201.5-34@eY207@f1 | |
| 绿色建筑评价标准/主编单位上海市建筑科学研究院有限公司, 上海市建筑建材业市场管理总站.-上海:同济大学出版社,2025.04 |
| 189页;21cm.-(上海市工程建设规范) |
| 上海市住房和城乡建设管理委员会发布 2024-11-19发布 2025-06-01实施 |
| ISBN 978-7-5765-1567-1:CNY60.00 |
| 为贯彻落实绿色发展理念, 推进本市绿色建筑高质量发展, 节约资源, 保护环境, 满足人民日益增长的美好生活需要, 制定本标准。 |
| ● |
| 相关链接 |
|
|
|
正题名:绿色建筑评价标准
索取号:TU201.5-34/Y207
 
预约/预借
| 序号 | 登录号 | 条形码 | 馆藏地/架位号 | 状态 | 备注 |
| 1 | 1627959 | 216279596 | 建筑库101/101建筑库 38排1列2层/ [索取号:TU201.5-34/Y207] | 在馆 |